[Event "VI Open Gelso Bianco A"]
[Site "Catania ITA"]
[Date "1995.08.13"]
[Round "8"]
[White "Miljanic, Boro"]
[Black "Aleksic, Nenad"]
[Result "0-1"]
[WhiteElo "2380"]
[BlackElo "2445"]
[PlyCount "62"]
[EventDate "1995.08.06"]

1.e4 c5 2.c3 b6 3.d4 Bb7 4.Bd3 Nf6 5.Nd2 e6 6.Ne2 Be7 7.O-O d6 8.a3 Nbd7 
9.Ng3 O-O 10.f4 cxd4 11.cxd4 Rc8 12.e5 dxe5 13.fxe5 Nd5 14.Qe2 Bg5 15.Qe4 
f5 16.exf6 N7xf6 17.Qxe6+ Kh8 18.Nc4 Bxc1 19.Raxc1 b5 20.Nd6 Rxc1 21.Nxb7 
Rxf1+ 22.Bxf1 Qc7 23.Nc5 Qf4 24.Qe5 Qd2 25.Ne6 Rc8 26.Nf5 Rc2 27.Qb8+ Ng8 
28.Qg3 g6 29.Nd6 h6 30.Qe5+ Ndf6 31.Qg3 Ng4 0-1

[Event "VI Open Gelso Bianco A"]
[Site "Catania ITA"]
[Date "1995.08.13"]
[Round "8"]
[White "Nurkic, Sahbaz"]
[Black "Adla, Diego Gustavo"]
[Result "1-0"]
[WhiteElo "2420"]
[BlackElo "2440"]
[PlyCount "97"]
[EventDate "1995.08.06"]

1.e4 e6 2.d4 d5 3.Nd2 Nf6 4.e5 Nfd7 5.Bd3 c5 6.c3 Nc6 7.Ne2 Qb6 8.O-O g6 
9.Nf3 Bg7 10.Re1 O-O 11.h4 cxd4 12.cxd4 f6 13.Be3 fxe5 14.Nxe5 Ndxe5 15.
dxe5 Qb4 16.f4 Bd7 17.a3 Qe7 18.g3 Rfc8 19.b4 Qe8 20.g4 Bf8 21.Rf1 Bh6 22.
g5 Bf8 23.h5 a5 24.b5 Ne7 25.Nd4 Nf5 26.Bxf5 gxf5 27.g6 Rc3 28.Rf3 Rac8 
29.gxh7+ Kxh7 30.Ra2 Bh6 31.Rg3 Qe7 32.Qe1 Be8 33.Nf3 d4 34.Bd2 Rxf3 35.
Rxf3 Bxb5 36.Rg3 Bc6 37.Rg5 Be4 38.Kh2 Qc7 39.Rg6 Qc4 40.Rb2 Qd3 41.Rg3 
Qc4 42.Qf2 b5 43.Rg6 b4 44.axb4 a4 45.b5 a3 46.Rb4 Qc2 47.Rxd4 Rc7 48.Qg3 
Bf8 49.Rh6+ 1-0

[Event "VI Open Gelso Bianco A"]
[Site "Catania ITA"]
[Date "1995.08.13"]
[Round "8"]
[White "Ochoa de Echaguen, Francisco Javier"]
[Black "Szekely, Peter"]
[Result "1/2-1/2"]
[WhiteElo "2455"]
[BlackElo "2435"]
[PlyCount "37"]
[EventDate "1995.08.06"]

1.e4 c5 2.Nc3 d6 3.Nge2 Nf6 4.g3 Nc6 5.Bg2 g6 6.d4 cxd4 7.Nxd4 Bd7 8.Nde2 
Bg7 9.h3 O-O 10.O-O Rc8 11.Nd5 Ne5 12.a4 Re8 13.Ra2 Nxd5 14.exd5 e6 15.Nf4
exd5 16.Nxd5 Be6 17.b3 Qd7 18.Kh2 Nc6 19.Bd2 1/2-1/2

[Event "VI Open Gelso Bianco A"]
[Site "Catania ITA"]
[Date "1995.08.13"]
[Round "8"]
[White "Ortega Izquierdo, Alejandro"]
[Black "Bellomo, Francesco"]
[Result "1-0"]
[WhiteElo "2330"]
[BlackElo "2360"]
[PlyCount "83"]
[EventDate "1995.08.06"]

1.d4 Nf6 2.c4 g6 3.Nc3 Bg7 4.e4 d6 5.Bd3 e5 6.d5 O-O 7.Nge2 Nbd7 8.O-O c5 
9.a3 Ne8 10.Qc2 b6 11.b4 Kh8 12.Rb1 Ndf6 13.bxc5 bxc5 14.Bg5 h6 15.Bd2 Ng8
16.Kh1 Nef6 17.Qa4 Bd7 18.Qa6 Ne8 19.f4 exf4 20.Bxf4 Bc8 21.Qa4 Ngf6 22.e5
dxe5 23.Bxe5 Bd7 24.Qc2 Qe7 25.Bf4 Nh5 26.Rbe1 Qd8 27.Be3 Rc8 28.Qd2 Kh7 
29.Ne4 Nef6 30.Nxc5 Ng4 31.Nxd7 Qxd7 32.Bg1 Ne5 33.Nf4 Nxf4 34.Rxf4 Qa4 
35.Rfe4 Nd7 36.Qb4 Nb6 37.d6 Qxb4 38.axb4 Rfd8 39.c5 Nd5 40.b5 Bc3 41.Rf1 
f5 42.Re6 1-0

[Event "VI Open Gelso Bianco A"]
[Site "Catania ITA"]
[Date "1995.08.13"]
[Round "8"]
[White "Parrella, Alfredo"]
[Black "Scavo, Fernando"]
[Result "1/2-1/2"]
[WhiteElo "2225"]
[BlackElo "2260"]
[PlyCount "116"]
[EventDate "1995.08.06"]

1.e4 e6 2.d4 d5 3.Nd2 c5 4.exd5 exd5 5.Bb5+ Nc6 6.Qe2+ Qe7 7.Ngf3 Qxe2+ 8.
Kxe2 Nf6 9.Re1 a6 10.Bxc6+ bxc6 11.Ne5 Be6 12.dxc5 Bxc5 13.Nb3 Bb6 14.Nxc6
O-O 15.Ncd4 Bg4+ 16.f3 Bh5 17.Bf4 Bg6 18.Bd6 Rfc8 19.Kd2 Rc4 20.c3 Rcc8 
21.g4 Ra7 22.Re2 Rd7 23.Bg3 Rb7 24.Bf2 a5 25.Kd1 a4 26.Nc1 a3 27.bxa3 h6 
28.Ncb3 Rxc3 29.Rc1 Bxd4 30.Nxd4 Rxa3 31.Rd2 Rb1 32.h4 Nd7 33.h5 Bd3 34.
Nb3 Rxc1+ 35.Kxc1 Bc4 36.Kb2 Ra8 37.Bd4 Nb8 38.f4 Nc6 39.Bc3 Re8 40.g5 
hxg5 41.fxg5 Ne5 42.h6 gxh6 43.gxh6 Kh7 44.Rh2 Ng4 45.Rh4 Re2+ 46.Ka3 f5 
47.Bg7 Rh2 48.Rxh2 Nxh2 49.Be5 Ng4 50.Bf4 Nf6 51.Kb4 Nh5 52.Be5 f4 53.Nd2 
Bxa2 54.Ka3 Bc4 55.Nxc4 dxc4 56.Kb4 f3 57.Bd4 Kxh6 58.Kxc4 Kg5 1/2-1/2

[Event "VI Open Gelso Bianco A"]
[Site "Catania ITA"]
[Date "1995.08.13"]
[Round "8"]
[White "Psakhis, Lev B."]
[Black "Kogan, Artur"]
[Result "1-0"]
[WhiteElo "2610"]
[BlackElo "2495"]
[PlyCount "195"]
[EventDate "1995.08.06"]

1.d4 Nf6 2.c4 e6 3.g3 d5 4.Bg2 Nc6 5.Nf3 dxc4 6.Qa4 Bb4+ 7.Bd2 Nd5 8.Bxb4 
Nxb4 9.O-O Rb8 10.Nc3 a6 11.Ne5 O-O 12.Bxc6 Nxc6 13.Nxc6 bxc6 14.Qxc4 Rxb2
15.Rab1 Rb6 16.Qc5 f5 17.e3 g5 18.a4 Rxb1 19.Rxb1 Qd6 20.a5 Qxc5 21.dxc5 
e5 22.Rb8 Be6 23.Rxf8+ Kxf8 24.f4 gxf4 25.gxf4 Kf7 26.Kf2 Bd5 27.Kg3 Kf6 
28.Kh4 exf4 29.exf4 Bf7 30.Nd1 h6 31.Ne3 Ke6 32.Kg3 Kf6 33.Nc2 Bc4 34.Nd4 
Bd5 35.Kf2 Be4 36.Ke3 Bd5 37.Ne2 Kg6 38.Ng3 Kf6 39.Kd4 Bg2 40.Ne2 Bd5 41.
Nc1 Be4 42.Ne2 Bc2 43.Ke3 Be4 44.Nc3 Bd5 45.Kd4 Bb3 46.Ne2 Bd5 47.Nc1 Bg2 
48.Nd3 Bf1 49.Nb4 Bb5 50.Ke3 Kg6 51.Kf2 Kf6 52.Kg3 Kf7 53.Kh4 Kf6 54.Kg3 
Kf7 55.Kh4 Kf6 56.Kh5 Kg7 57.Nc2 Be2+ 58.Kh4 Kf6 59.Nd4 Bd1 60.Nxc6 Ke6 
61.Nb4 Be2 62.Kg3 Bc4 63.Kf2 Bb5 64.Ke3 Bf1 65.Kd4 Be2 66.Nd5 Kd7 67.Ne3 
Ke6 68.c6 Kd6 69.Nxf5+ Kxc6 70.Nxh6 Kb5 71.f5 c5+ 72.Kc3 Kc6 73.f6 Kd7 74.
Nf5 Ke6 75.Ng3 Bf3 76.f7 Kxf7 77.Kc4 Kf6 78.Kxc5 Kg5 79.Kb6 Kg4 80.Kxa6 
Kh3 81.Kb6 Kxh2 82.Nf5 Be2 83.Nd4 Bf1 84.Nb5 Kg3 85.a6 Kf4 86.a7 Bg2 87.
Nd6 Ba8 88.Nf7 Kf5 89.Nd8 Kf6 90.Kc7 Ke7 91.Nb7 Ke8 92.Nd6+ Ke7 93.Nc8+ 
Ke8 94.Kb8 Kd8 95.Nd6 Kd7 96.Nb7 Kc6 97.Kxa8 Kc7 98.Nd6 1-0

[Event "VI Open Gelso Bianco A"]
[Site "Catania ITA"]
[Date "1995.08.13"]
[Round "8"]
[White "Rosino, Antonio"]
[Black "Viaggi, Giovanni"]
[Result "1-0"]
[WhiteElo "2320"]
[BlackElo "2125"]
[PlyCount "41"]
[EventDate "1995.08.06"]

1.e4 e5 2.Nf3 Nc6 3.Nc3 Bc5 4.Nxe5 Nxe5 5.d4 Bb4 6.dxe5 Qe7 7.Bf4 f6 8.Bd3
g5 9.Qh5+ Kd8 10.exf6 Nxf6 11.Qxg5 Rg8 12.Qe5 Rxg2 13.Qxc7+ Ke8 14.O-O-O 
Bxc3 15.Qxc3 Rxf2 16.Bg3 Rf3 17.Rhf1 Rxf1 18.Rxf1 Ng8 19.Qh8 Qg5+ 20.Bf4 
Qg2 21.Bg3 1-0

[Event "VI Open Gelso Bianco A"]
[Site "Catania ITA"]
[Date "1995.08.13"]
[Round "8"]
[White "Sax, Gyula"]
[Black "Godena, Michele"]
[Result "1-0"]
[WhiteElo "2550"]
[BlackElo "2420"]
[PlyCount "93"]
[EventDate "1995.08.06"]

1.e4 e5 2.Nf3 Nc6 3.Bb5 a6 4.Ba4 Nf6 5.O-O b5 6.Bb3 Bc5 7.c3 d6 8.d4 Bb6 
9.h3 Bb7 10.Re1 h6 11.Be3 O-O 12.Nbd2 Rb8 13.Bc2 Re8 14.a3 Na7 15.Qb1 c5 
16.d5 c4 17.a4 Bxe3 18.Rxe3 Qb6 19.axb5 axb5 20.b3 cxb3 21.Qxb3 Nc8 22.Bd3
Ba6 23.Qa3 Ra8 24.Qb4 Rb8 25.Nb3 Nd7 26.Ree1 Ne7 27.Ra3 Ra8 28.Rea1 Reb8 
29.Ra5 Nc5 30.Bxb5 Nxb3 31.Qxb3 Ng6 32.Qb4 Bb7 33.Rxa8 Bxa8 34.c4 Nf4 35.
Qd2 Qc5 36.Kh2 Bb7 37.g3 Ng6 38.Kg2 Bc8 39.Qa5 f5 40.Qd8+ Kh7 41.exf5 Nh8 
42.g4 e4 43.Nh4 Rxb5 44.Ng6 Nxg6 45.fxg6+ Kxg6 46.Qe8+ Kh7 47.Qxe4+ 1-0

[Event "VI Open Gelso Bianco A"]
[Site "Catania ITA"]
[Date "1995.08.13"]
[Round "8"]
[White "Stassi, Emilio"]
[Black "Contin, Daniel"]
[Result "0-1"]
[WhiteElo "2155"]
[BlackElo "2365"]
[PlyCount "82"]
[EventDate "1995.08.06"]

1.d4 Nf6 2.c4 e6 3.Nc3 Bb4 4.Qc2 O-O 5.a3 Bxc3+ 6.Qxc3 b6 7.Bg5 c5 8.dxc5 
bxc5 9.e3 Nc6 10.Bd3 Qa5 11.Ne2 Rb8 12.Rb1 Rb3 13.Qxa5 Nxa5 14.Bc2 Rb6 15.
b3 d6 16.O-O Ba6 17.Nc3 Rfb8 18.a4 Nxb3 19.Bxb3 Rxb3 20.Nb5 Rxb1 21.Rxb1 
Ne4 22.Be7 Rb7 23.f3 Nd2 24.Rd1 Nxc4 25.Nxd6 Rxe7 26.Nxc4 h6 27.Ne5 Rc7 
28.Rc1 f6 29.Nc4 Kf7 30.Kf2 Ke7 31.Ke1 Bxc4 32.Rxc4 Kd6 33.Kd2 Rb7 34.Rc2 
Rb3 35.Ra2 a5 36.h4 c4 37.g4 Kc5 38.f4 Kd5 39.Rc2 Ra3 40.e4+ Kd4 41.Ke2 
Rh3 0-1

[Event "VI Open Gelso Bianco A"]
[Site "Catania ITA"]
[Date "1995.08.13"]
[Round "8"]
[White "Zlochevskij, Alexander"]
[Black "Pajkovic, Vladimir"]
[Result "1/2-1/2"]
[WhiteElo "2465"]
[BlackElo "2430"]
[PlyCount "25"]
[EventDate "1995.08.06"]

1.d4 d5 2.c4 c6 3.Nc3 dxc4 4.e3 b5 5.a4 b4 6.Na2 e6 7.Bxc4 Nf6 8.Nf3 Bb7 
9.O-O Be7 10.Bd2 a5 11.Nc1 O-O 12.Nb3 Nbd7 13.Qe2 1/2-1/2

[Event "VI Open Gelso Bianco A"]
[Site "Catania ITA"]
[Date "1995.08.14"]
[Round "9"]
[White "Bellincampi, Stefano"]
[Black "Martorelli, Antonio"]
[Result "0-1"]
[WhiteElo "2060"]
[BlackElo "2320"]
[PlyCount "54"]
[EventDate "1995.08.06"]

1.d4 d5 2.Nf3 Nf6 3.c4 e6 4.Nc3 c6 5.e3 Nbd7 6.a3 Bd6 7.b4 O-O 8.Qc2 a5 9.
c5 axb4 10.cxd6 bxc3 11.Qxc3 Ne4 12.Qb4 c5 13.dxc5 Ndxc5 14.Bb5 Ra4 15.Qb2
Qa5+ 16.Kf1 Bd7 17.Bxa4 Bxa4 18.Bd2 Qa6+ 19.Kg1 Nd3 20.Qd4 Ndxf2 21.Bc3 f6
22.Nd2 Rc8 23.Nxe4 Nxe4 24.Be1 Rc2 25.h4 Qe2 26.Rh2 Bb5 27.Bb4 Qxg2+ 0-1

[Event "VI Open Gelso Bianco A"]
[Site "Catania ITA"]
[Date "1995.08.14"]
[Round "9"]
[White "Bellomo, Francesco"]
[Black "Mifsud, Timothy"]
[Result "1/2-1/2"]
[WhiteElo "2360"]
[BlackElo "2165"]
[PlyCount "20"]
[EventDate "1995.08.06"]

1.Nf3 d5 2.g3 c6 3.Bg2 Bg4 4.O-O Nd7 5.d3 e6 6.Nbd2 Bd6 7.Qe1 Ne7 8.e4 O-O
9.h3 Bh5 10.a3 Bc7 1/2-1/2

[Event "VI Open Gelso Bianco A"]
[Site "Catania ITA"]
[Date "1995.08.14"]
[Round "9"]
[White "Ikonnikov, Vyacheslav"]
[Black "Vescovi Portilho, Giovanni"]
[Result "1-0"]
[WhiteElo "2540"]
[BlackElo "2465"]
[PlyCount "99"]
[EventDate "1995.08.06"]

1.d4 Nf6 2.Nf3 c5 3.d5 g6 4.Nc3 Bg7 5.e4 d6 6.Be2 O-O 7.O-O Na6 8.h3 Nc7 
9.a4 a6 10.Bf4 Nd7 11.Qd2 Rb8 12.Bh6 b5 13.Bxg7 Kxg7 14.axb5 axb5 15.b4 
Nf6 16.Rfb1 c4 17.Nd4 Bd7 18.f4 e6 19.dxe6 fxe6 20.e5 dxe5 21.fxe5 Nfd5 
22.Bf3 Ra8 23.Bxd5 exd5 24.Rxa8 Qxa8 25.Re1 Qa6 26.Nce2 h6 27.Nf4 Bf5 28.
Nxd5 Nxd5 29.Nxf5+ Rxf5 30.Qxd5 Qa7+ 31.Kh1 Qf2 32.Qd1 Qg3 33.e6 Rf2 34.
Qd7+ Kf6 35.Qd4+ Kg5 36.Re5+ Rf5 37.Qe3+ Qxe3 38.Rxe3 Rf8 39.Re5+ Kf4 40.
e7 Re8 41.Re2 Kf5 42.Kg1 h5 43.Kf2 Kf6 44.h4 Kf7 45.Re4 Rxe7 46.Rxe7+ Kxe7
47.Ke3 Kf6 48.Kd4 g5 49.hxg5+ Kxg5 50.Kc5 1-0

[Event "VI Open Gelso Bianco A"]
[Site "Catania ITA"]
[Date "1995.08.14"]
[Round "9"]
[White "Lanzani, Mario"]
[Black "Rosino, Antonio"]
[Result "1-0"]
[WhiteElo "2330"]
[BlackElo "2320"]
[PlyCount "21"]
[EventDate "1995.08.06"]

1.d4 Nf6 2.c4 g6 3.Nc3 d5 4.Nf3 Bg7 5.Bg5 Ne4 6.cxd5 Nxg5 7.Nxg5 e6 8.Qa4+
c6 9.dxc6 Nxc6 10.Nf3 Bxd4 11.O-O-O 1-0

[Event "VI Open Gelso Bianco A"]
[Site "Catania ITA"]
[Date "1995.08.14"]
[Round "9"]
[White "Manca, Federico"]
[Black "Ochoa de Echaguen, Francisco Javier"]
[Result "1/2-1/2"]
[WhiteElo "2355"]
[BlackElo "2455"]
[PlyCount "24"]
[EventDate "1995.08.06"]

1.e4 c5 2.c3 Nf6 3.e5 Nd5 4.d4 cxd4 5.Nf3 Nc6 6.Bc4 Nb6 7.Bb3 g6 8.cxd4 
Bg7 9.Bf4 O-O 10.Nc3 d5 11.h3 Bf5 12.Qe2 Qd7 1/2-1/2

[Event "VI Open Gelso Bianco A"]
[Site "Catania ITA"]
[Date "1995.08.14"]
[Round "9"]
[White "Pajkovic, Vladimir"]
[Black "Kogan, Artur"]
[Result "0-1"]
[WhiteElo "2430"]
[BlackElo "2495"]
[PlyCount "106"]
[EventDate "1995.08.06"]

1.Nf3 d5 2.c4 d4 3.a3 g6 4.e3 Nc6 5.b4 Bg7 6.Bb2 e5 7.b5 Nce7 8.exd4 e4 9.
Ne5 f6 10.Ng4 Bxg4 11.Qxg4 f5 12.Qd1 Bxd4 13.Nc3 Nf6 14.Be2 Qd6 15.Qc2 
O-O-O 16.f3 exf3 17.gxf3 Nh5 18.O-O-O Nf4 19.Bf1 Rhe8 20.Kb1 Ng8 21.Ka2 
Nf6 22.Bc1 Qe5 23.Na4 Nd7 24.h4 Re6 25.d3 Rde8 26.Qh2 Nh5 27.Qxe5 Nxe5 28.
Rh3 c5 29.Kb3 Nd7 30.Bd2 Be3 31.Bc3 a6 32.Kc2 Kc7 33.Ba5+ b6 34.Be1 Bf4 
35.Bc3 Ng3 36.bxa6 Nb8 37.a7 Nc6 38.Kb3 Nxa7 39.d4 Re3 40.dxc5 bxc5 41.
Nxc5 Rxf3 42.Rd7+ Kb6 43.Bg2 Rxc3+ 44.Kxc3 Kxc5 45.Rxg3 Bxg3 46.Rxa7 Re3+ 
47.Kd2 Bf4 48.Kd1 h6 49.Bd5 Kd4 50.Ra6 g5 51.Rxh6 g4 52.Rf6 Kd3 53.Rxf5 
Rg3 0-1

[Event "VI Open Gelso Bianco A"]
[Site "Catania ITA"]
[Date "1995.08.14"]
[Round "9"]
[White "Psakhis, Lev B."]
[Black "Sax, Gyula"]
[Result "1/2-1/2"]
[WhiteElo "2610"]
[BlackElo "2550"]
[PlyCount "71"]
[EventDate "1995.08.06"]

1.d4 Nf6 2.Nf3 e6 3.g3 c5 4.Bg2 cxd4 5.O-O a6 6.Nxd4 d5 7.c4 dxc4 8.Qa4+ 
Qd7 9.Qxc4 b5 10.Qd3 Bb7 11.Bxb7 Qxb7 12.a4 bxa4 13.Nc3 Be7 14.Nxa4 O-O 
15.Qb3 Qxb3 16.Nxb3 Nbd7 17.Bf4 Rfc8 18.Rfd1 Kf8 19.Na5 Rc2 20.Kf1 Bb4 21.
Bd6+ Bxd6 22.Rxd6 Ke7 23.Rad1 Ne5 24.Rb6 Ra7 25.Nc3 Nfd7 26.Rb4 Rc7 27.Ke1
Nc5 28.h3 f5 29.f4 Nc6 30.Nxc6+ Rxc6 31.Rb8 Rc7 32.Ra1 Ne4 33.Nxe4 fxe4 
34.Kf2 Rd7 35.Rb3 Rdd2 36.Rb7+ 1/2-1/2

[Event "VI Open Gelso Bianco A"]
[Site "Catania ITA"]
[Date "1995.08.14"]
[Round "9"]
[White "Scavo, Fernando"]
[Black "Moncher, Stefano"]
[Result "1/2-1/2"]
[WhiteElo "2260"]
[BlackElo "2202"]
[PlyCount "113"]
[EventDate "1995.08.06"]

1.d4 Nf6 2.c4 g6 3.Nc3 Bg7 4.e4 d6 5.Be2 O-O 6.Nf3 e5 7.O-O Nc6 8.d5 Ne7 
9.Ne1 Ne8 10.f3 f5 11.Be3 f4 12.Bf2 g5 13.c5 Ng6 14.a4 h5 15.a5 Rf7 16.Nb5
a6 17.Na3 Bf8 18.Nc4 Rg7 19.h3 Nf6 20.cxd6 Bxd6 21.Nxd6 cxd6 22.Bb6 Qf8 
23.Ra4 Nh8 24.Rc4 g4 25.fxg4 hxg4 26.hxg4 Bxg4 27.Rc7 Bxe2 28.Qxe2 Rxc7 
29.Bxc7 Rc8 30.Bb6 Qg7 31.Nf3 Qg4 32.Re1 Nf7 33.b4 Rc3 34.Kf1 Qc8 35.b5 
Qc4 36.Qxc4 Rxc4 37.bxa6 bxa6 38.Nd2 Ra4 39.Rc1 Nxe4 40.Nxe4 Rxe4 41.Rc8+ 
Kh7 42.Ra8 Ra4 43.Rxa6 e4 44.Ra7 Kg6 45.a6 e3 46.g3 Ra1+ 47.Ke2 Ra2+ 48.
Ke1 Ne5 49.Re7 Rxa6 50.gxf4 Nd3+ 51.Ke2 Nxf4+ 52.Kf3 Nxd5 53.Re6+ Kf5 54.
Rxd6 Nxb6 55.Rc6 Ke5 56.Rh6 Kd5 57.Rg6 1/2-1/2

[Event "VI Open Gelso Bianco A"]
[Site "Catania ITA"]
[Date "1995.08.14"]
[Round "9"]
[White "Stassi, Emilio"]
[Black "Genovese, Maurizio"]
[Result "1/2-1/2"]
[WhiteElo "2155"]
[BlackElo "2255"]
[PlyCount "24"]
[EventDate "1995.08.06"]

1.Nf3 Nf6 2.g3 d5 3.Bg2 c5 4.c4 d4 5.b4 Qc7 6.bxc5 e5 7.d3 Bxc5 8.O-O O-O 
9.Ng5 Bg4 10.Nd2 Nbd7 11.Rb1 Rab8 12.Nge4 b6 1/2-1/2

[Event "VI Open Gelso Bianco A"]
[Site "Catania ITA"]
[Date "1995.08.14"]
[Round "9"]
[White "Szekely, Peter"]
[Black "Miljanic, Boro"]
[Result "1/2-1/2"]
[WhiteElo "2435"]
[BlackElo "2380"]
[PlyCount "63"]
[EventDate "1995.08.06"]

1.Nf3 Nf6 2.c4 g6 3.g3 Bg7 4.Bg2 O-O 5.d4 d6 6.Nc3 Nbd7 7.O-O e5 8.e4 exd4
9.Nxd4 Re8 10.h3 Nc5 11.Re1 Bd7 12.Bf4 h6 13.Kh2 a5 14.Rb1 Qc8 15.b3 h5 
16.Qd2 h4 17.g4 Nh7 18.Be3 c6 19.Kg1 Qc7 20.Rbd1 Rad8 21.Nf3 Bc8 22.Nxh4 
Bf6 23.Nf3 Nxe4 24.Nxe4 Rxe4 25.Bf4 Rxe1+ 26.Nxe1 Qb6 27.Qe3 Qxe3 28.Bxe3 
Bc3 29.Nc2 a4 30.Bf4 axb3 31.axb3 f5 32.Rd3 1/2-1/2

[Event "VI Open Gelso Bianco A"]
[Site "Catania ITA"]
[Date "1995.08.14"]
[Round "9"]
[White "Viaggi, Giovanni"]
[Black "Parrella, Alfredo"]
[Result "1/2-1/2"]
[WhiteElo "2125"]
[BlackElo "2225"]
[PlyCount "35"]
[EventDate "1995.08.06"]

1.e4 d5 2.exd5 Qxd5 3.Nc3 Qa5 4.d4 c6 5.Nf3 Nf6 6.Bd3 Bg4 7.h3 Bh5 8.Bd2 
e6 9.Qe2 Bb4 10.a3 Nbd7 11.O-O Bxc3 12.bxc3 Qc7 13.Rab1 O-O 14.Rfe1 c5 15.
g4 Bg6 16.Bxg6 hxg6 17.Ne5 b6 18.Bf4 1/2-1/2

[Event "IV Festival B"]
[Site "Montecatini Terme ITA"]
[Date "1995.07.??"]
[Round "1"]
[White "Cellucci, Alessandro"]
[Black "Genocchio, Daniele"]
[Result "0-1"]
[WhiteElo "1825"]
[BlackElo "1789"]
[PlyCount "104"]
[EventDate "1995.07.29"]

1. e4 e5 2. d4 exd4 3. f4 Nc6 4. Nf3 Bc5 5. a3 a5 6. Bd3 d5 7. e5 Nge7 8. O-O
Bf5 9. h3 Qd7 10. Ng5 h6 11. Nf3 Bxd3 12. Qxd3 Nf5 13. Re1 Ne3 14. Kh1 g5 15.
f5 O-O-O 16. e6 fxe6 17. fxe6 Qxe6 18. Nxd4 Bxd4 19. c3 Ng4 20. Qg3 Nf2+ 21.
Qxf2 Qxh3+ 22. gxh3 Bxf2 23. Rf1 Bb6 24. Nd2 Ne5 25. Nb3 Nd3 26. Nd4 Rhe8 27.
b4 axb4 28. axb4 Bxd4 29. cxd4 Nxb4 30. Ra8+ Kd7 31. Ra7 Rf8 32. Rxf8 Rxf8 33.
Ba3 Nc6 34. Bxf8 Nxa7 35. Bxh6 Nc6 36. Bxg5 Nxd4 37. Kg2 Ke6 38. Kf2 Kf5 39. h4
Ne6 40. Be7 Kg4 41. Ke3 c6 42. Kd3 Nf4+ 43. Kd4 Ng6 44. Bf6 Nxh4 45. Kc5 Nf5
46. Kb6 d4 47. Kxb7 c5 48. Kc6 c4 49. Bd8 c3 50. Ba5 Kf4 51. Kd5 Ke3 52. Kc4 c2
0-1

[Event "IV Festival B"]
[Site "Montecatini Terme ITA"]
[Date "1995.07.??"]
[Round "3"]
[White "Cattani, Marco"]
[Black "Fittante, Giuliana"]
[Result "1-0"]
[WhiteElo "1719"]
[BlackElo "1637"]
[PlyCount "58"]
[EventDate "1995.07.29"]

1. d4 d5 2. Nf3 Nf6 3. Bg5 Nbd7 4. Nbd2 e6 5. e3 Be7 6. Bd3 O-O 7. Ne5 c5 8. c3
cxd4 9. cxd4 Nxe5 10. dxe5 Ne4 11. h4 f6 12. exf6 Bxf6 13. Qc2 Bd7 14. Nxe4
dxe4 15. Bxe4 Qa5+ 16. Kf1 Bb5+ 17. Kg1 Rac8 18. Bxh7+ Kh8 19. Qg6 Qd2 20. Qh5
Bxg5 21. hxg5 Qxf2+ 22. Kh2 Be2 23. Qh3 Rf3 24. Qxe6 Rcf8 25. Rhc1 Kxh7 26.
Qe4+ Kh8 27. g6 Rxe3 28. Qb4 Re5 29. Rc3 Bf3 1-0

[Event "Torneo A"]
[Site "Formia ITA"]
[Date "1995.07.??"]
[Round "?"]
[White "Arlandi, Ennio"]
[Black "Dizdarevic, Emir"]
[Result "1/2-1/2"]
[WhiteElo "2455"]
[BlackElo "2500"]
[PlyCount "61"]
[EventDate "1995.07.20"]

1. d4 Nf6 2. c4 e6 3. Nc3 Bb4 4. Qc2 O-O 5. a3 Bxc3+ 6. Qxc3 d6 7. g3 e5 8.
dxe5 dxe5 9. Nf3 Nc6 10. Bg5 h6 11. Rd1 Qe7 12. Bc1 Ne4 13. Qe3 Nd6 14. b3 a5
15. Qc3 Nf5 16. Bb2 Nfd4 17. Bg2 Bf5 18. Rd2 a4 19. bxa4 Be4 20. O-O Rxa4 21.
Nxd4 exd4 22. Qb3 Ra7 23. Bxd4 Bxg2 24. Kxg2 Qe4+ 25. Qf3 Qxf3+ 26. exf3 Ra4
27. Bc5 Rc8 28. Rc1 Na5 29. Rb2 b6 30. Bb4 Nb7 31. c5 1/2-1/2

[Event "Torneo A"]
[Site "Formia ITA"]
[Date "1995.07.??"]
[Round "?"]
[White "Arlandi, Ennio"]
[Black "Drazic, Sinisa"]
[Result "1/2-1/2"]
[WhiteElo "2455"]
[BlackElo "2405"]
[PlyCount "142"]
[EventDate "1995.07.20"]

1. d4 Nf6 2. c4 e6 3. Nc3 Bb4 4. Qc2 O-O 5. a3 Bxc3+ 6. Qxc3 Ne4 7. Qc2 f5 8.
Nh3 Nc6 9. e3 Qh4 10. g3 Qh5 11. Bg2 e5 12. f3 Nf6 13. d5 Ne7 14. O-O d6 15.
Nf2 a5 16. b3 h6 17. f4 e4 18. Bb2 Bd7 19. Qd1 Qxd1 20. Rfxd1 Kf7 21. Rac1 b6
22. Bh3 Neg8 23. Kf1 g5 24. fxg5 hxg5 25. Ke2 Kg6 26. Bg2 Rf7 27. Rg1 Re7 28.
h4 Nh5 29. hxg5 Nxg3+ 30. Kd2 f4 31. Bh3 Rf8 32. Bd4 Bxh3 33. Nxh3 fxe3+ 34.
Bxe3 Nh5 35. Rcf1 Ref7 36. Rxf7 Rxf7 37. Nf2 Re7 38. Rg4 Rh7 39. Rxe4 Ng7 40.
Nd3 Kf7 41. Rf4+ Ke8 42. Nf2 Rh2 43. Kd3 Rg2 44. Ne4 Rh2 45. Nc3 Rb2 46. Bc1
Rxb3 47. Kc2 a4 48. Bb2 Nh5 49. Rg4 Ne7 50. g6 Nf5 51. Bc1 Kd7 52. Rg5 Nhg7 53.
Nxa4 Nd4+ 54. Kd1 Rd3+ 55. Ke1 Rxa3 56. Bxa3 Nf3+ 57. Kf2 Nxg5 58. Bb2 Nf5 59.
g7 Ne7 60. Ke3 Nf7 61. Kf4 Nh6 62. Kg5 Nf7+ 63. Kf6 Ke8 64. Bd4 b5 65. cxb5
Nxd5+ 66. Ke6 Ne7 67. Be3 Ng8 68. Nc3 Nd8+ 69. Kd5 Kd7 70. Ke4 Ne6 71. Bd4 c5
1/2-1/2

[Event "Torneo A"]
[Site "Formia ITA"]
[Date "1995.07.??"]
[Round "?"]
[White "Arlandi, Ennio"]
[Black "Nurkic, Sahbaz"]
[Result "1-0"]
[WhiteElo "2455"]
[BlackElo "2420"]
[PlyCount "99"]
[EventDate "1995.07.20"]

1. d4 Nf6 2. c4 g6 3. Nc3 Bg7 4. e4 d6 5. Nf3 O-O 6. Be2 e5 7. Be3 Nc6 8. d5
Ne7 9. Nd2 Ne8 10. c5 f5 11. f3 Rf7 12. cxd6 cxd6 13. a4 f4 14. Bf2 g5 15. a5
Ng6 16. Nb5 Nh4 17. Rg1 a6 18. Nc3 Bf8 19. Nc4 Rg7 20. Nb6 Rb8 21. Qa4 Ng6 22.
O-O-O h5 23. h3 Nf6 24. Kb1 g4 25. hxg4 hxg4 26. Nxc8 Qxc8 27. fxg4 Nxg4 28.
Bb6 Nf6 29. Rc1 Nh4 30. Nd1 Qe8 31. Qxe8 Rxe8 32. Bf2 Ng6 33. Bf3 Rh7 34. b3
Nh8 35. Nb2 Nf7 36. Rc7 Ng5 37. Rxh7 Kxh7 38. Re1 Be7 39. Kc2 Kg6 40. Kd3 Rh8
41. Nc4 Rh2 42. Rf1 Nh5 43. Be1 Kh6 44. Bb4 Ng3 45. Rc1 Nxf3 46. gxf3 Rf2 47.
Nd2 Ne2 48. Rc7 Bg5 49. Bxd6 Nd4 50. Bc5 1-0

[Event "Torneo A"]
[Site "Formia ITA"]
[Date "1995.07.??"]
[Round "?"]
[White "Bellia, Fabrizio"]
[Black "Ortega, Lexy"]
[Result "0-1"]
[WhiteElo "2300"]
[BlackElo "2440"]
[PlyCount "80"]
[EventDate "1995.07.20"]

1. e4 c5 2. Nf3 d6 3. d4 cxd4 4. Nxd4 Nf6 5. Nc3 a6 6. Be2 e6 7. O-O Be7 8. f4
O-O 9. Kh1 Qc7 10. Qe1 Nc6 11. Be3 Bd7 12. Qg3 Kh8 13. Rad1 Rac8 14. Nb3 d5 15.
exd5 Nxd5 16. Nxd5 exd5 17. Rxd5 Bf6 18. Rxd7 Qxd7 19. Bg4 Qd5 20. Bxc8 Rxc8
21. c3 a5 22. Nc1 a4 23. Bg1 Rd8 24. Qe3 h5 25. Qe2 h4 26. Rf3 Qd2 27. Qxd2
Rxd2 28. Rf2 Rd1 29. Rc2 Ne7 30. a3 Nf5 31. Na2 Be7 32. Rc1 Rd2 33. Rb1 Bd6 34.
Nb4 Bxf4 35. c4 Be5 36. b3 axb3 37. Rxb3 Rd1 38. Nc2 Rc1 39. g4 hxg3 40. Ne3
gxh2 0-1

[Event "Torneo A"]
[Site "Formia ITA"]
[Date "1995.07.??"]
[Round "?"]
[White "Bellia, Fabrizio"]
[Black "Zlochevskij, Alexander"]
[Result "1-0"]
[WhiteElo "2300"]
[BlackElo "2465"]
[PlyCount "157"]
[EventDate "1995.07.20"]

1. e4 c5 2. Nf3 g6 3. d4 cxd4 4. Nxd4 Bg7 5. c4 Nc6 6. Be3 Nf6 7. Nc3 O-O 8.
Be2 d6 9. O-O Bd7 10. Qd2 Qa5 11. Nb3 Qd8 12. Rfd1 b6 13. f3 Rc8 14. Rac1 Ne5
15. Nd5 Ne8 16. Nd4 Nc7 17. b4 Re8 18. Nb3 Bc6 19. c5 dxc5 20. bxc5 bxc5 21.
Bxc5 Nxd5 22. exd5 Bb7 23. Bxa7 Rxc1 24. Nxc1 Qd7 25. Bc5 Rc8 26. Nb3 h5 27. h3
Qa4 28. Kh1 Bf6 29. Qb4 Qxb4 30. Bxb4 Rc2 31. Bb5 Rxa2 32. f4 Rb2 33. fxe5 Bxe5
34. Bc4 e6 35. Ba3 Ra2 36. Bc5 exd5 37. Bxd5 Bxd5 38. Rxd5 Re2 39. Rd8+ Kh7 40.
Rd1 Bg3 41. Nd4 Ra2 42. Nf3 Ra5 43. Bd6 Bxd6 44. Rxd6 Kg7 45. Kg1 Ra3 46. Kf2
Ra5 47. Rd7 Ra2+ 48. Kg3 Ra5 49. Rb7 Rd5 50. h4 Rf5 51. Rc7 Kg8 52. Rd7 Kg7 53.
Kf2 Kg8 54. Ke3 Kg7 55. Ke4 Kg8 56. g3 Kg7 57. Ne5 Rf6 58. Rb7 Kg8 59. Ra7 Re6
60. Kd5 Rf6 61. Ra3 Re6 62. Rc3 Re7 63. Nf3 Kg7 64. Ng5 Rd7+ 65. Kc6 Ra7 66.
Kd6 Ra6+ 67. Kd7 Ra7+ 68. Rc7 Ra3 69. Ke8 Ra8+ 70. Ke7 Ra3 71. Nxf7 Rxg3 72.
Ng5 Re3+ 73. Kd6+ Kg8 74. Re7 Ra3 75. Ke5 Kf8 76. Rb7 Ra4 77. Kf6 Rf4+ 78. Kxg6
Rxh4 79. Ne6+ 1-0

[Event "Torneo A"]
[Site "Formia ITA"]
[Date "1995.07.??"]
[Round "?"]
[White "Borgo, Giulio"]
[Black "Bellia, Fabrizio"]
[Result "0-1"]
[WhiteElo "2345"]
[BlackElo "2300"]
[PlyCount "68"]
[EventDate "1995.07.20"]

1. e4 e5 2. Nf3 Nc6 3. Bb5 g6 4. c3 d6 5. d4 Bd7 6. O-O Bg7 7. Be3 Nf6 8. dxe5
Nxe5 9. Nxe5 dxe5 10. Qb3 O-O 11. Rd1 c6 12. Be2 Qc8 13. Nd2 b5 14. a4 a6 15.
Qc2 Be6 16. c4 Rd8 17. Nb3 Rxd1+ 18. Rxd1 Bf8 19. Nc5 Ng4 20. Bxg4 Bxg4 21. f3
Be6 22. Nxe6 Qxe6 23. axb5 axb5 24. cxb5 cxb5 25. Rd5 Ra1+ 26. Kf2 b4 27. Rd8
Qf6 28. Qd2 Qh4+ 29. Ke2 Qxh2 30. Bh6 Qxg2+ 31. Ke3 Qg1+ 32. Ke2 Qf1+ 33. Ke3
Re1+ 34. Qxe1 Qxe1+ 0-1